[Event "Tel Aviv super 1st"]
[Site "Tel Aviv"]
[Date "1999.05.11"]
[Round "1"]
[White "Tseitlin, Mark D"]
[Black "Psakhis, Lev"]
[Result "0-1"]
[WhiteElo "2490"]
[BlackElo "2563"]
[Annotator "Tyomkin,D"]
[PlyCount "70"]
[EventDate "1999.05.11"]
[EventType "tourn"]
[EventRounds "9"]
[EventCountry "ISR"]
[EventCategory "14"]
[SourceTitle "CBM 071"]
[Source "ChessBase"]
[SourceDate "1999.08.01"]
[SourceVersion "1"]
[SourceVersionDate "1999.08.01"]
[SourceQuality "1"]

{The next exciting fight between two experienced players with different styles.
Mark Tseitlin plays an agressive chess, using each attempt to get the
initiative. Lev plays clever chess, prefers defence and counterattack.} 1. e4 {
Psakhis} c5 2. Nf3 d6 3. d4 cxd4 4. Nxd4 Nf6 5. Nc3 a6 6. Bg5 e6 7. f4 Qb6 8.
Qd2 Qxb2 9. Nb3 Qa3 10. Bd3 Be7 11. O-O h6 12. Bxf6 (12. Bh4 $6 {Psakhis} Nxe4
$1 13. Nxe4 Bxh4 14. f5 exf5 15. Bb5+ axb5 16. Nxd6+ Kf8 17. Nxc8 Nc6 $15 {
1/2-1/2 Spassky,B-Fischer,R/Wch28-Reykjavik 1972 (49)}) 12... Bxf6 13. e5 {
'!' Psakhis. There are few interesting options for black in close moves. But
even in the line of the game black doesn't suffer too much.} dxe5 (13... Be7 $5
14. Ne4 (14. Rae1 d5 15. f5 Bb4 $5) 14... d5 15. Nd6+ (15. Qc3 Nc6) 15... Bxd6
16. exd6 O-O 17. f5 exf5 (17... Qxd6 18. f6 e5 19. c4 $5 $36) 18. Qf4 (18. Bxf5
Qxd6) 18... Nc6 $13) 14. Ne4 Nd7 (14... exf4 $5 15. Nxf6+ gxf6 16. Qc3 $1 Nd7
17. Rxf4 $44 {Timman}) (14... Qe7 $5 15. Nxf6+ gxf6 16. fxe5 fxe5 17. Qc3 Nc6 (
17... Nd7 18. Rad1 $36 {[%cal Gd3e4,Gc3c7]}) 18. Be4 Bd7 19. Na5 $5 Nxa5 $140
20. Qxe5 $44 {[%csl Ra5,Rh8]}) 15. f5 exf5 16. Rxf5 Be7 17. Qf2 $146 {'!?'
Psakhis. Psakhis: 'N' Theoretical novelty which was discovered by Mark during
the game.} (17. Bc4 Nf6 18. Rxe5 O-O $1 (18... Nxe4 $2 19. Bxf7+ $1 $40 {
[%cal Gd2d5] Tal,M-Zaid,L/Moscow 1973} (19. Bxf7+ {Psakhis} Kxf7 20. Qd5+ Kg6
21. Qxe4+ Kf7 22. Rf1+ Bf6 23. Nc5 Re8 (23... Rd8 $142 $1) 24. Qd5+ $40 {
1-0 Tal,M-Zaid,L/Moscow 1973 (35)})) (18... O-O 19. Rf1 Ng4 20. Rh5 Qxa2 21. h3
Qb2 22. hxg4 Bxg4 23. Bxf7+ Kh7 24. Qd3 Kh8 25. Rd5 $16 {0-1 Computer-Computer,
C/ACM Computer 1993 (65)})) 17... Nf6 {'[]' Psakhis.} (17... O-O 18. Bc4 $5 Nb6
19. Bxf7+ Kh8 20. Rxe5 Nc4 21. Rh5 {[%cal Yh5h6] intends sacrifice on-h6.} Bg4
22. Rxh6+ gxh6 23. Qd4+ Kh7 24. Bxc4 $44) 18. Nxf6+ gxf6 19. Rxf6 $5 {[%mdl
512] That was whites idea - with the sacrifice of an exchange he keeps black
king in the center for a while. But black has enough resources for a defence.}
Bxf6 (19... Be6 {Psakhis} 20. Rxe6 fxe6 21. Bg6+ Kd7 22. Qb6 Rac8 23. Rd1+ $44)
20. Qxf6 Rg8 21. Bh7 Rf8 {'?!' Psakhis. Black doesn't force equal ending and
decides to continue under whites pressure.} (21... Qe7 22. Qxe7+ Kxe7 23. Bxg8
Bf5 $11) (21... Rg5 $5 {Psakhis} 22. h4 Rg4) 22. Qxe5+ Qe7 23. Qa5 Qd6 {
In opinion of Psakhis after the game, it was the best protection for black,
but I have come to conclusion that the black can be protected more precisely.}
(23... Be6 $5 24. Nc5 (24. Nd4 Qg5 $1 (24... Rd8 25. Nf5 (25. Nxe6 fxe6 26.
Bg6+ Kd7 {[%cal Gd7c8] /\Kc8}) 25... Qg5 {with blacks advantage.}) 25. Nf5 Rh8
$17) (24. Nd4 {Psakhis}) 24... Rd8 25. Be4 Qd6 $1) 24. Re1+ Be6 25. Nc5 $4 {
[%mdl 8192] That is the losing move. After the correct 25.Be4 white pieces are
cooperate, and white keeps an initiative.} (25. Be4 $142 $1 {There are many
possible moves for black, but anyone doesn't bring black clear advantage.} Qd8
$5 {The idea to move whites queen out of-a5,and then to castle.} (25... b6 26.
Qh5 (26. Qc3 {Psakhis} Rc8 27. Qf6 Qb4 28. Re3) 26... O-O-O (26... Rc8 27. Bf5
$44) 27. Qe2 b5 28. Qf2 $44 {[%cal Gf2a7,Yb3a5,Yb3c5]}) (25... Ke7 $6 26. Bxb7
Rab8 27. Nc5 $40) (25... Rb8 26. c4 $1 $44 {[%cal Gc4c5] /\c5}) (25... Rc8 $6
26. Bxb7 Rxc2 27. Qa4+) 26. Qe5 (26. Qb4 Qe7 27. Qb6 Bd5 28. Nc5 $40) 26...
Qb6+ 27. Kh1 O-O-O (27... Rc8 28. Nd4 Rc5 29. Bd5 $36) 28. Nc5 $40 {[%csl Rb7]}
) 25... b6 $19 26. Qa4+ b5 27. Qb4 Rc8 28. Nxa6 $2 {Still was a chance for
white to continue to struggle in the ending with an exchange down.} (28. Nd3
Qxb4 29. Nxb4 a5 $19) 28... Qxa6 29. Bd3 Qa7+ 30. Kh1 Qc5 31. Bxb5+ Ke7 32.
Qh4+ Qg5 33. Qb4+ Rc5 34. Bc6 Rc8 35. h4 Qf5 {'(+)' Psakhis.} 0-1

[Event "St Petersburg-ch"]
[Site "St Petersburg"]
[Date "2002.04.16"]
[Round "1"]
[White "Klimov, Sergey"]
[Black "Loginov, Valery A"]
[Result "1/2-1/2"]
[WhiteElo "2433"]
[BlackElo "2524"]
[Annotator "Tyomkin,D"]
[PlyCount "64"]
[EventDate "2002.04.16"]
[EventType "tourn"]
[EventRounds "9"]
[EventCountry "RUS"]
[EventCategory "9"]
[SourceTitle "CBM 089"]
[Source "ChessBase"]
[SourceDate "2002.08.12"]
[SourceVersion "1"]
[SourceVersionDate "2002.08.12"]
[SourceQuality "1"]

1. e4 c5 2. Nf3 d6 3. d4 cxd4 4. Nxd4 Nf6 5. Nc3 Nc6 6. Bg5 e6 7. Qd2 a6 8.
O-O-O Qb6 9. f4 Bd7 {This line is the speciallity of GM Loginov;} (9... Qxd4 {
Tyomkin,D} 10. Qxd4 Nxd4 11. Rxd4 Nd7 (11... h6 {(Tyomkin,D) Tyomkin,D} 12.
Bxf6 gxf6 13. Na4 (13. f5 $5 {[%cal Gf1c4] Tyomkin,D}) 13... Bd7 14. Nb6 Rd8
15. Nxd7 Rxd7 16. Rc4 h5 17. Rc8+ Rd8 18. Rc7 Rd7 19. Rc8+ Rd8 20. Rc7 Rd7 21.
Rc8+ {1/2-1/2 Kengis,E-Yermolinsky,A/URS-chYM Jurmala 1983/MCL 05}) (11... Be7
{(Tyomkin,D) Tyomkin,D} 12. Be2 Bd7 13. Bxf6 gxf6 (13... Bxf6 {Tyomkin,D} 14.
Rxd6 Bc6 15. Bf3 $16 g5 $140 16. e5) 14. a4 h5 15. g3 h4 16. g4 Bf8 17. Rf1 Ke7
18. Kb1 Bh6 19. Rd3 Bc6 20. Rh3 e5 21. fxe5 dxe5 22. b4 $11 {1/2-1/2 Stefanova,
A-Baginskaite,K/Dresden-W 1995/EXT 95 (37)}) 12. Be2 b6 $146 {1-0 Oll,L-Zhang
Zhong/Beijing 1997/CBM 61/[Tyomkin,D] (55)}) 10. Nf3 $146 {After this move
black doesn't have the transfer to the ending by Qxd4 anymore;} (10. Nxc6 {
Tyomkin,D} bxc6 11. e5 Nd5 12. Ne4 Rb8 13. b3 $2 (13. c4 {Tyomkin,D} Ne3 14.
Re1 Nxf1 15. Rhxf1) 13... dxe5 $17 {0-1 Kunze,M-Loginov,V/Budapest Spring op
1990/EXP 17 (27)}) (10. Be2 {Tyomkin,D} Rc8 (10... Be7 {Tyomkin,D} 11. Rhe1
O-O-O 12. f5 Nxd4 13. Qxd4 Qxd4 14. Rxd4 h6 15. Bh4 Rhe8 16. Bc4 d5 17. exd5
exd5 18. Bxf6 Bxf6 19. Rxe8 Rxe8 20. Rxd5 Bg5+ 21. Kd1 Bc6 $44 {P:^^ Haentsch,
R-Kupreichik,V/Cuxhaven op 1993/EXT 93op/0-1 (51)}) 11. Bf3 (11. Kb1 {Tyomkin,D
} Be7 12. Nb3 (12. Nf3 {Tyomkin,D} O-O 13. e5 dxe5 14. fxe5 Nd5 15. Nxd5 exd5
16. Bxe7 Nxe7 17. Bd3 Bf5 18. h4 Rc7 19. c3 Qg6 20. Bxf5 Qxf5+ 21. Ka1 b5 $132
{0-1 Bauer,T-Loginov,V/HUN-chT2 1994/TD 94\03 (44)}) 12... O-O 13. Rhf1 Rfd8
14. Bxf6 $6 Bxf6 15. Qxd6 Be7 16. Qd3 Be8 $36 17. Qf3 Rxd1+ 18. Bxd1 $6 (18.
Rxd1 $142 {Tyomkin,D}) 18... Qc7 19. Qf2 b5 20. e5 b4 21. Ne4 a5 22. Nbd2 Na7
23. g4 a4 24. g5 Bb5 25. Rg1 Bd3 $1 26. Ka1 a3 $40 {0-1 Lengyel,B-Loginov,V/
Budapest FS12 GM 1993/EXT 93 (35)}) 11... Na5 12. Nb3 Nc4 13. Qd4 Qxd4 14. Rxd4
b5 15. Re1 h6 16. Bh4 g5 17. e5 Nh7 18. Bf2 gxf4 19. exd6 Bg7 20. Bb7 (20. Nd5
$5 {Tyomkin,D}) 20... Rb8 21. Bxa6 (21. Nc5 $5 {Tyomkin,D} Bxd4 22. Bxd4 Rg8
23. Be4 $13) 21... Bxd4 22. Bxd4 Rg8 23. Nc5 $6 (23. Ba7 {Tyomkin,D} Ra8 24.
Nxb5 $14) 23... Rg5 $6 (23... Bc6 $5 {Tyomkin,D}) 24. a4 $2 (24. Nxd7 {Tyomkin,
D} Kxd7 25. Ba7 Rbg8 26. h4 $16) 24... Nxd6 $13 {1/2-1/2 Lengyel,B-Loginov,V/
Budapest FS11 GM 1993/EXT 93 (48)}) 10... Rc8 11. Kb1 (11. a3 Na5 12. Bd3 (12.
Kb1 $142) 12... Nxe4 $1 13. Bxe4 (13. Nxe4 Nb3+) 13... Nc4 14. Na4 $8 Bxa4 $17
{0-1 Guseinov,K-Gadjily,R/Baku 2000/EXT 2002 (23)}) 11... Ng4 {[%cal Gg4f2,
Gg4e3] 11...Qc7 looks safer way; 11...Ng4 creates some threats, but in general
it is too risky because black delays in development;} (11... Qc7 12. h3 {
1/2-1/2 Hazai,L-Loginov,V/HUN 1995/EXT 99 (12).}) 12. Re1 (12. Bh4 Qe3 $5 (
12... Be7 13. Bxe7 Nxe7 14. Ne5 $1 (14. Qxd6 Qxd6 15. Rxd6 Nf2 16. Rg1 Rxc3 $1
{[%cal Gf2e4]}))) 12... h6 13. Bh4 g5 (13... Be7 14. Nd5 $1 $16 {[%cal Ge1e8]})
14. h3 gxh4 $6 {That's the right moment to improve black's play; After
premature 14...gxh4 black faces long-term troubles;} (14... Nh2 $5 {is the
Fritz recommendation;} 15. fxg5 (15. Rxh2 gxh4 16. Nxh4 Bg7 $44) 15... Nxf3 16.
gxf3 Ne5 $132) 15. hxg4 Bg7 16. Rxh4 Nd4 17. e5 $1 $16 {[%mdl 64] Only way to
reach the advantage- white would reach the pawn up and an attack against black
king this way;} (17. Nxd4 Qxd4 18. Qxd4 Bxd4 19. Nd1 Ke7 $44) 17... Nxf3 18.
gxf3 d5 (18... Bc6 19. Ne4 (19. Qxd6 $2 Qf2 {[%csl Re1,Rh4]}) 19... Bxe4 20.
Rxe4 $16) 19. f5 Bf8 {19...d4 looks as a chance but white holds the advantage
there as well;} (19... d4 20. Ne4 Bxe5 21. Rxh6 Rxh6 22. Qxh6 Qb4 $1 (22...
Rxc2 23. Nd6+ $1 (23. Kxc2 d3+ $17 {[%csl Rb2]})) (22... d3 23. c3 Rxc3 24.
Nf6+ $1 Bxf6 (24... Ke7 25. Nd5+ $1) (24... Kd8 25. Qh8+ Kc7 26. Nd5+ $1) 25.
Qxf6 d2 26. Qh8+ $1 Ke7 27. f6+ Kd6 28. Qh2+ $18 {[%cal Gh2d2]}) 23. Rd1 exf5
24. Nf6+ $16) 20. fxe6 fxe6 {[%cal Gf8b4] Now black's threat is Bb4, so this
was good idea for white to prevent it;} 21. Bd3 $6 (21. Nd1 $5 $16 {to prevent
Bb4;}) 21... Bb4 22. Rxh6 Rg8 23. Kc1 d4 24. Qf2 Qa5 25. Reh1 $2 {It begins
tough tactical fight, but white achieves the draw only this way;} (25. Qxd4
Rxc3 26. Rd1 $1 {That was the difficult move to find;} Rc7 (26... Rxd3 27. Qxd3
$18 {[%csl Rd7][%cal Gh6h7]}) 27. Bc4 Be7 $1 28. Bxe6 $18) 25... dxc3 26. Rh8
Qxa2 {[%mdl 64] All is forced now;} (26... Rxh8 $2 27. Rxh8+ Kf7 28. Rh7+ Kg8
29. Qh2 {and here white is the first to mate opponent's king;}) 27. Rxg8+ Kf7 (
27... Bf8 28. Bg6+ {and mate in few moves;}) 28. Rg7+ $1 {[%mdl 64] Nice but
all was prepared in advance while playing Reh1;} Kxg7 (28... Kf8 29. Rh8+ {
forcing black to grab the rook!}) 29. Rh7+ {That's pity that white has only
draw now;} Kg8 30. Rh8+ $1 {[%mdl 64] Same tactical motif;} Kg7 {Black
declines the sacrifice but now it's perpetual;} (30... Kxh8 31. Qh4+ Kg8 32.
Qg5+ Kf8 33. Qf6+ Kg8 $11 {[%cal Gf6g6,Gg6f6,Gf8g8,Gg8f8]}) 31. Rh7+ Kg8 32.
Rh8+ Kg7 1/2-1/2

[Event "LTU-ch"]
[Site "Vilnius"]
[Date "2002.05.19"]
[Round "4"]
[White "Sulskis, Sarunas"]
[Black "Malisauskas, Vidmantas"]
[Result "0-1"]
[WhiteElo "2577"]
[BlackElo "2514"]
[Annotator "Tyomkin,D"]
[PlyCount "72"]
[EventDate "2002.05.17"]
[EventType "tourn"]
[EventRounds "11"]
[EventCountry "LTU"]
[EventCategory "9"]
[SourceTitle "CBM 090"]
[Source "ChessBase"]
[SourceDate "2002.09.20"]
[SourceVersion "1"]
[SourceVersionDate "2002.09.20"]
[SourceQuality "1"]

1. e4 c5 2. Nf3 d6 3. d4 cxd4 4. Nxd4 Nf6 5. Nc3 a6 6. Bg5 e6 7. f4 Qb6 8. Qd2
Qxb2 9. Nb3 Nc6 10. Rb1 $6 $146 {This new move is harmless- my impression is
that it just helps black queen to escape;} ({10.Bd3 following by 0-0 leads to
the good positional compensation of white:} 10. Bd3 Qa3 (10... d5 11. Bxf6 gxf6
12. Na4 $1 (12. exd5 $2 Bb4 $19) (12. Rb1 Qxc3 $1 {[%cal Yf8b4]}) 12... Qa3 13.
Nb6 d4 $1 {[%cal Gf8b4]} 14. O-O Rb8 15. Qe2 Qb4 16. Nc4 b5 17. a3 Qe7 18. Ncd2
$44 {1-0 Renet,O-Ftacnik,L/Lyon 1988/CBM 07 (62). (61)}) 11. O-O Be7 12. Rae1
h6 13. Bh4 Qb4 14. Bf2 Na5 15. a3 Nxb3 16. cxb3 Qa5 17. b4 $1 Qd8 (17... Qxa3
18. Ra1 {trapping the queen;}) 18. e5 dxe5 19. fxe5 Ng4 20. Bg3 Bg5 21. Bf4 $13
{Cela,A-Delchev,A/Mamaia 1991/CBM 25 ext (21).}) ({The following move leads to
the forced play:} 10. Bxf6 gxf6 11. Na4 Qa3 12. Nb6 Rb8 13. Nc4 Qa4 14. a3 b5
15. Nxd6+ Bxd6 16. Qxd6 Qxe4+ 17. Be2 Qd5 (17... Qxg2 $2 {Ftacnik} 18. O-O-O
Bb7 19. Qd7+ Kf8 20. Qd6+ Ke8 21. Bh5 $40) (17... Bb7 $5 {Ftacnik} 18. Nc5 Qd4
19. Rd1 Qxd6 (19... Qc3+ $6 {Ftacnik} 20. Kf2 Rd8 21. Nd7 f5 22. Rd3 $40) 20.
Rxd6 Nd8 21. Rb6 Bxg2 22. Rxb8 Bxh1 23. Nxa6 Rg8 $11) 18. Qxd5 exd5 19. O-O-O {
1/2-1/2 Adams,M-Gelfand,B/Wijk aan Zee (m3) 59/302 1994 (36) and some other
high-level games;}) 10... Qa3 11. Bd3 Be7 12. f5 {Sulskis is known as a
chessplayer with aggresive style and the last move is proving it;} (12. O-O h6
13. Bh4 $140 Nxe4 {[%cal Ya3d6] and black queen is very useful on a3 guarding
d6 point;}) 12... h6 $1 {Just in time;} 13. Bf4 (13. Bh4 Nxe4) (13. Be3 Ng4 $17
) 13... Ng4 (13... O-O {-actually I don't see any danger for black here too;})
14. O-O Qb4 $6 {[%cal Gb4b6] Black is trying to escape with the queen but this
idea can be refuted-see note to 15th move of white;} (14... O-O $142 $15) 15.
a3 $2 (15. fxe6 $1 fxe6 (15... Bxe6 16. Nd5 Qxd2 17. Nxd2 $44 {[%csl Yb7][%cal
Gd2c4]}) 16. Be2 Qb6+ (16... Nge5 17. Be3 $1 {[%csl Rb4] and black queen is in
danger again;}) 17. Kh1 Nge5 18. Bh5+ $6 $44) 15... Qb6+ (15... Qxa3 16. Nb5
axb5 17. Ra1 b4 $1 18. Rxa3 bxa3 {with a big mess on the board;}) 16. Kh1 Nce5
17. fxe6 fxe6 18. Bxe5 dxe5 (18... Nxe5 19. Nd4 Qa5 $15 {and white doesn't
have any clear way to develop an initiative;}) 19. Rf3 Rf8 $1 $17 {By trading
pieces black get rid of white's initiative;} 20. Rxf8+ (20. Rbf1 Rxf3 21. Rxf3
Bd7 {[%cal Ge8c8,Yg4f6] and black still may castle to the queenside;}) 20...
Kxf8 21. Rf1+ Kg8 22. Qe1 {[%cal Ge1g3]} Qc7 {[%csl Yc3][%cal Yc7e5] taking
control on important dark squares and preventing Qg3;} 23. Nd1 Bd7 {Now this
is obvious that white doesn't have any compensation;} 24. Qg3 Nf6 25. Ne3 Rf8
26. Nc4 b5 $1 $19 {e5 is tactically protected;} 27. Ncd2 (27. Nxe5 Bd6 $19) (
27. Qxe5 Qa7 28. Ncd2 Ng4 29. Rxf8+ Bxf8 30. Qd4 Qxd4 31. Nxd4 Bxa3 $19) 27...
Nh5 28. Rxf8+ Bxf8 29. Qe3 Bxa3 {black keeps himself cool- just two pawns up
for black now;} 30. c4 Bb4 $1 {Probably the best- black can trade the bishop
for white knight at any convenient time;} 31. g3 Nf6 32. cxb5 Bxd2 33. Nxd2
Qc1+ 34. Kg2 Bxb5 35. Bxb5 axb5 36. Qd3 Qd1 $1 $19 {[%cal Rf6e4,Gb5b4,Yd1d3]
More material gains are on the way;} 0-1

[Event "Julian Borowski-A 4th"]
[Site "Essen"]
[Date "2002.05.18"]
[Round "3"]
[White "Luther, Thomas"]
[Black "Kasimdzhanov, Rustam"]
[Result "1/2-1/2"]
[WhiteElo "2566"]
[BlackElo "2674"]
[Annotator "Tyomkin,D"]
[PlyCount "82"]
[EventDate "2002.05.16"]
[EventType "tourn"]
[EventRounds "9"]
[EventCountry "GER"]
[EventCategory "16"]
[SourceTitle "CBM 090"]
[Source "ChessBase"]
[SourceDate "2002.09.20"]
[SourceVersion "1"]
[SourceVersionDate "2002.09.20"]
[SourceQuality "1"]

1. e4 c5 2. Nf3 d6 3. d4 cxd4 4. Nxd4 Nf6 5. Nc3 a6 6. Bg5 e6 7. f4 Qb6 8. Qd2
Qxb2 9. Nb3 Qa3 10. Bxf6 gxf6 11. Be2 h5 {Other possibilities are following 
(see games in same opening key):} (11... Nc6 {-the most popular continuation;})
(11... Rg8) (11... Bg7) 12. O-O (12. h4 Nc6 13. O-O Bd7 14. Nd1 Be7 {1/2-1/2
Luther,T-Sutovsky,E/New York 1998/CBM 64 (89) black looks quite safe here;})
12... Nd7 13. Kh1 (13. f5 $146 {Tyomkin,D} Be7 $146 (13... Nc5 14. Kh1 Bd7 (
14... Be7 $5 {Tyomkin,D}) 15. Rab1 b5 {Black king would not be safe in the
center, and Kotronias finds out a way to prove it.} (15... O-O-O $142 {Tyomkin,
D} 16. fxe6 fxe6 17. Rxf6 $132) 16. fxe6 fxe6 17. e5 $1 $16 {[%mdl 64] 1-0
Kotronias,V-Ilincic,Z/Yerevan 2000/CBM 78/[Tyomkin,D] (28) It opens the center,
and white gets e4-square for the knight.} (17. Rxf6 {Tyomkin,D} Be7 (17... Bg7
{Tyomkin,D} 18. Qg5 $1) 18. Rh6 O-O-O $132)) 14. Qd4 b5 15. Rf3 (15. Bxb5 axb5
16. Nxb5 Qa4 17. Nc7+ Kf8 $15) 15... Bb7 16. fxe6 fxe6 17. Rh3 h4 18. Bg4 Kf7
19. Nd5 Ne5 20. Bxe6+ Kxe6 21. Qc3 $1 $36 {[%cal Rb3d4]} Qa4 22. Nd4+ Kf7 23.
Nb6 b4 24. Qc7 Qa5 25. Qxb7 Rab8 26. Qd5+ Qxd5 27. Nxd5 $16 {[%csl Gd5,Gf5]
[%cal Yd4f5] 1/2-1/2 Guseinov,K-Villavicencio Martinez,A/Stockholm 2002/CBM 85
ext (56)}) 13... h4 (13... b6 $146 {Tyomkin,D In this game black played
dubiously. I don't see a reason not to follow Kasparov by 13...h4.} 14. Qd4 Nc5
(14... Bb7 {Tyomkin,D} 15. Nb1 $140 (15. f5 $5 {Tyomkin,D}) 15... e5 $13) 15.
Qxf6 Rh7 16. f5 Be7 (16... Bg7 {Tyomkin,D} 17. Qg5 $16) 17. Qd4 Bb7 18. fxe6
fxe6 19. Rab1 $1 Rc8 20. e5 d5 21. Nxc5 Qxc5 22. Qd3 Rg7 23. Ne4 $1 $16 {
1-0 Sulskis,S-Sutovskij,E/Koszalin 1998/CBM 65 ext (56)}) 14. h3 b6 {This move
is probably more flexible than 14....Be7, but b6 follows on of the same plan;}
(14... Be7 {Tyomkin,D} 15. Rad1 b6 16. Qe3 Bb7 17. f5 {Kasparov} (17. Rd4 $2
$146 {(Tyomkin,D) In my opinion only 17.f5 of Short gives white the
compensation.} Rc8 $17 {[%cal Ga3b2] 0-1 Wells,P-Zhang Zhong/Szeged 1997/CBM
62/[Tyomkin,D] (31)}) 17... Rc8 (17... Ne5 $6 {(Tyomkin,D) Ftacnik} 18. Qxb6)
18. fxe6 fxe6 19. Bg4 Qb2 $1 20. Rd3 (20. Ne2 $2 {Tyomkin,D} Qe5 21. Nf4 f5 $17
) 20... f5 $1 {1/2-1/2 Short,N-Kasparov,G/Riga 1995 (29)}) 15. Rad1 Bb7 16. f5
Rc8 17. fxe6 fxe6 {the game divelops semilar to Short-Kasparov game;} 18. Qd4
$1 {Luther places the queen to much more active place then did Short in above
mentioned game;} (18. Qe3 Qb4 $1 {causes white troubles;}) 18... Be7 $6 {
Black doesn't solve opening problems this way;} (18... Qb2 $142 $5 {[%cal
Gd7e5]} 19. Rd3 Ne5 20. Re3 Qxc2 21. Rxf6 Rxc3 $1 $15 {and black is fine in
forthcoming endgame;}) 19. Bg4 Nc5 (19... Qb2 {-would lead to the semilar
position with Short-Kasparov, the only difference is white queen is on d4 and
not on e3;} 20. Rd3 {and no f5 stuff like in Short- Kasparov;}) 20. Rf3 Nxb3 (
20... Kf7 21. Nd2 $1 $36 {[%cal Gd2c4,Yc3d5]}) 21. cxb3 (21. axb3 $143 Qc5 {
and c2 would become the target in the ending;}) 21... Qc5 22. Bxe6 Qxd4 23.
Rxd4 Rc5 24. Nd5 (24. Bd5 Bxd5 25. Nxd5 $16 {just compare white knight with
the black bishop to make the right evaluation here! ;-)}) 24... b5 25. Rd1 $6 (
25. Nxf6+ Bxf6 26. Rxf6 Rc1+ 27. Kh2 Ke7 28. Rg6 Rf8 29. Bf5 $16 {[%cal Gg6e6]}
) 25... Rh5 $1 {[%cal Gh5e5]} 26. Nxf6+ Bxf6 27. Rxf6 Rhe5 28. Bf5 d5 (28...
Bxe4 29. Bxe4 Rxe4 30. Rdxd6 (30. Rfxd6 Rc2 $11) 30... Ke7 $1 31. Rc6 (31. Rxa6
$140 Rc1+ $19 {[%csl Rh1][%cal Ge4e1]}) 31... Rxc6 32. Rxc6 a5 33. Rc5 {
and white is keeping winning chances;}) 29. Bg6+ $6 (29. Rh6 dxe4 30. Rd7 $16)
29... Kd8 30. exd5 $2 {This move misses all advantage at once;} (30. Rf7 $5 $16
) (30. Rf5 $5 $16 Rxe4 $140 31. Rf8+ $18) 30... Rcxd5 {Now black is safe;} 31.
Rxd5+ Bxd5 32. Rf2 Ke7 $11 {[%csl Ya2,Yb3,Yg2,Yh3] Black is holding the
balance because of the active pieces; In addition all white pawns are on the
light squares- same as bishops- which is clearly in black's favor;} 33. Kh2 Kd6
34. Bd3 Re1 35. Be2 Kc5 $2 {[%cal Gc5b4,Gb4a3] Probably both players were in
time-trouble;} (35... Ke5 $1 $11 36. Bf3 Bxf3 37. Rxf3 Re2 38. a3 a5 $11) 36.
Bf3 Be6 (36... Bxf3 37. gxf3 {[%cal Gf3f4,Gf4f5]}) 37. Re2 $2 {For some reason
white has declined the following move:} ({White could play for the win again
by:} 37. g3 $142 hxg3+ 38. Kxg3 $16 {[%cal Gh3h4] and white's passer h is very
dangerous} a5 39. h4 a4 40. bxa4 bxa4 41. h5 $18) 37... Rxe2 38. Bxe2 Kb4 {
Here white should be accurate not to lose it! ;-)} 39. a4 Bxb3 40. Bxb5 axb5
41. axb5 Kxb5 {[%cal Gg2g3] g3 would trade the last pawn of black here;}
1/2-1/2